| 000 | 00366cam a2200145ua 4500 | ||
|---|---|---|---|
| 041 |
_aeng _h |
||
| 082 |
_a515.3 _bFER/DI |
||
| 100 | _aFerrar , W L . | ||
| 245 |
_aDifferential calculus / _cW L Ferrar. _hTextual Documents |
||
| 260 |
_aLondon : _bOxford at the Clarendon Press , _c1962. |
||
| 300 | _a296 ; . | ||
| 504 | _a | ||
| 942 | _cBK | ||
| 999 |
_c10128 _d10128 |
||